| 000 | 00585cam a2200145K 4500 | ||
|---|---|---|---|
| 082 |
_a355.00942 _bFRA _cD |
||
| 100 | 1 |
_aFraser, Edward. _949481 |
|
| 245 | 1 | 4 |
_aThe soldiers whom Wellington led _bdeeds of daring, chivalry, and renown, _cby Edward Fraser. With twelve illustrations and five maps. |
| 260 |
_aLondon, _bMethuen & Co. _c[1913] |
||
| 300 |
_a1 online resource (xiii, [1], 382 p.) _bfront., plates, ports., maps. |
||
| 526 |
_a0 _b0 _c0 _d355_009420000000000_FRA |
||
| 650 |
_aMCE _9379 |
||
| 856 | 4 | 0 | _uhttp://catalog.hathitrust.org/api/volumes/oclc/6062148.html |
| 942 |
_2ddc _cBK |
||
| 999 |
_c552261 _d552261 |
||